000
00402nam a2200145Ia 4500
008
100122s9999 xx 000 0 und d
082
_b
2826
_a
821.09
100
_a
मिराशी वा वि
245
_a
कालिदास
260
_b
प्रकाशक शोधणे
_c
1924
300
_a
60
630
_a
कालिदास
730
_a
कालिदास
942
_c
BOOK
999
_c
397112
_d
397109